Statistieken voor Landen die het dichtst bij Kosovo liggen

Klik hier om de quiz te nemen!

Algemene statistieken

  • Deze quiz is 28 keer genomen
  • De gemiddelde score is 18 van 20

Antwoordstatistieken

kmland% Correct
0Albanië
100%
318Hongarije
100%
525Oostenrijk
100%
156Roemenië
100%
389Turkije
100%
114Griekenland
96%
128Kroatië
96%
547Oekraïne
96%
0Servië
96%
96Bosnië en
Herzegovina
91%
54Bulgarije
91%
253Italië
91%
601Moldavië
91%
0Montenegro
91%
0Noord-Macedonië
91%
527Slowakije
91%
658Polen
83%
622San Marino
83%
478Slovenië
83%
628Vaticaanstad
78%

Scoreverdeling

Percentiel versus Aantal Correcte Antwoorden

Procent van Mensen met Elke Score

Uw Scoregeschiedenis

U heeft deze quiz nog niet genomen